| 000 | 00821cai a22001935a 4500 | ||
|---|---|---|---|
| 001 | E151108 | ||
| 008 | 100930u xxk g 000 0 eng d | ||
| 035 | _a(Sirsi) u151108 | ||
| 041 | 0 | _aeng | |
| 110 | 2 |
_aScottish Legal Aid Board _95882 |
|
| 245 | 0 | 0 |
_aKeeping your home _h[electronic resource] |
| 520 | _aA website offering advice to home owners and advisors on the subject of repossession in Scotland under The Home Owner and Debtor Protection (Scotland) Act 2010, which comes into force on 30 September 2010. | ||
| 590 | _aKA | ||
| 651 | 4 |
_aScotland _y1999- |
|
| 690 | _aPROPERTY-RESIDENTIAL PROPERTY-ACQUISITION AND DISPOSAL OF RESIDENTIAL PROPERTY | ||
| 710 | 2 |
_aShelter Scotland _93573 |
|
| 856 | 4 | 0 |
_uhttps://www.keepingyourhome.co.uk/ _zView the website free of charge at www.keepingyourhome.co.uk |
| 942 | _n0 | ||
| 999 |
_c120879 _d120879 |
||